Financial accounting : concepts, valuation, analysis / (Record no. 63064)
[ view plain ]
| 000 -LEADER | |
|---|---|
| fixed length control field | 01126nam a2200217 a 4500 |
| 008 - FIXED-LENGTH DATA ELEMENTS--GENERAL INFORMATION | |
| fixed length control field | 120416s1979 ||||||||||||||||| || u |
| 020 ## - INTERNATIONAL STANDARD BOOK NUMBER | |
| International Standard Book Number | 0538012102 |
| 050 ## - LIBRARY OF CONGRESS CALL NUMBER | |
| Classification number | HF 5635 Hob |
| 100 ## - MAIN ENTRY--PERSONAL NAME | |
| Personal name | Moore, Carl L |
| 245 10 - TITLE STATEMENT | |
| Title | Financial accounting : concepts, valuation, analysis / |
| 250 ## - EDITION STATEMENT | |
| Edition statement | 2nd ed. |
| 260 ## - PUBLICATION, DISTRIBUTION, ETC. | |
| Place of publication, distribution, etc. | Cincinnati: |
| Name of publisher, distributor, etc. | South-western Pub. Co |
| Date of publication, distribution, etc. | 1979 |
| 300 ## - PHYSICAL DESCRIPTION | |
| Extent | 648 p. : ill. |
| 350 ## - | |
| -- | 0.00 |
| 650 #0 - SUBJECT ADDED ENTRY--TOPICAL TERM | |
| Topical term or geographic name entry element | ACCOUNTING--HANDBOOKS, MANUALS, ETC |
| 700 ## - ADDED ENTRY--PERSONAL NAME | |
| Personal name | Hobbs, James B |
| 995 ## - | |
| -- | MAIN LIBRARY OPEN ACCESS |
| -- | 0.00 |
| -- | 005722 |
| -- | CBU-MAIN LIBRARY (Kitwe) |
| -- | 2 |
| -- | 16.30 |
| -- | HF 5635 Hob |
| -- | 3 |
| -- | AVAILABLE |
| -- | 005722 |
| -- | Main Library Open Access Collection |
| 995 ## - | |
| -- | MAIN LIBRARY OPEN ACCESS |
| -- | 0.00 |
| -- | 005721 |
| -- | CBU-MAIN LIBRARY (Kitwe) |
| -- | 1 |
| -- | 16.30 |
| -- | HF 5635 Hob |
| -- | 2 |
| -- | AVAILABLE |
| -- | 005721 |
| -- | Main Library Open Access Collection |
| 995 ## - | |
| -- | MAIN LIBRARY OPEN ACCESS |
| -- | 701356 |
| -- | CBU-MAIN LIBRARY (Kitwe) |
| -- | 0.00 |
| -- | HF 5635 Hob |
| -- | 4 |
| -- | AVAILABLE |
| -- | Feb 15, 2013 |
| -- | 005720 |
| -- | Main Library Open Access Collection |
| 995 ## - | |
| -- | BINDERY (DAMAGED) |
| -- | 0.00 |
| -- | 701353 |
| -- | CBU-MAIN LIBRARY (Kitwe) |
| -- | 3 |
| -- | 16.30 |
| -- | HF 5635 Hob |
| -- | 1 |
| -- | DAMAGED |
| -- | 701353 |
| -- | Main Library Open Access Collection |
| 999 ## - | |
| -- | 63064 |
| -- | 63064 |
| Withdrawn status | Lost status | Source of classification or shelving scheme | Damaged status | Not for loan | Permanent Location | Current Location | Shelving location | Date acquired | Total Checkouts | Full call number | Barcode | Date last seen | Price effective from | Koha item type |
|---|---|---|---|---|---|---|---|---|---|---|---|---|---|---|
| CBU-MAIN LIBRARY, KITWE. | CBU-MAIN LIBRARY, KITWE. | 12/24/2022 | HF 5635 Hob | 005722 | 12/24/2022 | 12/24/2022 | MONOGRAPH | |||||||
| CBU-MAIN LIBRARY, KITWE. | CBU-MAIN LIBRARY, KITWE. | 12/24/2022 | HF 5635 Hob | 005721 | 12/24/2022 | 12/24/2022 | MONOGRAPH | |||||||
| CBU-MAIN LIBRARY, KITWE. | CBU-MAIN LIBRARY, KITWE. | 12/24/2022 | HF 5635 Hob | 005720 | 12/24/2022 | 12/24/2022 | MONOGRAPH | |||||||
| CBU-MAIN LIBRARY, KITWE. | CBU-MAIN LIBRARY, KITWE. | 12/24/2022 | HF 5635 Hob | 701353 | 12/24/2022 | 12/24/2022 | MONOGRAPH |